1260 1084 1148 1958 1677 1041 1148 1318 1406 1531 1351 1588 1415 1460 1372 1876 1418 1395 1744 1145 1475 1449 1080 1300 1416 1412 1660 1889 1115 1306 1887 1119 1141 1871 1869 1305 1203 1967 1522 1772 1097 1706 1184 1832 1944 1787 1318 1135 1421 1344 1022 1632 1404 1511 1865 1864 1467 1719 1164 1951 1688 1939 1643 1466 1080 1353 1460 1330 1583 1790 1123 1409 1223 1241 1679 1496 1929 1373 1510 1636 1650 1694 1973 1974 1866 1003 1417 1579 1541 1028 1011 1587 1961 1512 1799 1060 1135 1558 1780 BCNSPRNW ULIB Ver.6.0+V

เปลี่ยนเป็นภาษาไทย

Change to English
 แสดงรายละเอียดบรรณานุกรม
  กลับหน้าหลัก

Brief Record : Get Marc (ISO 2709) : E-mail record : QR code < ปิดหน้าต่าง
LEADER : 00000nam 2200000uu 4500
001    13399126672
003     ULIB
008    190206s2561||||th 000 0 tha d
020    ^a9786164740150
060  4 ^aWY105^bก384ก
100 0  ^aกัญญดา ประจุศิลป.
245 10 ^aการจัดการทางการพยาบาลและภาวะผู้นำ /^cกัญญดา ประจุศิลป
250    ^aพิมพ์ครั้งที่ 1
260    ^aกรุงเทพฯ : ^bโรงพิมพ์แห่งจุฬาลงกรณ์มหาวิทยาลัย,^c2561.
300    ^a173 หน้า :^bภาพประกอบ;^c24 ซม.
650  4 ^aภาวะผู้นำ
650  4 ^aการพยาบาล
945    ^p290^l0^i26975
945    ^p290^l0^i26976
945    ^p290^l0^i26977
945    ^p290^l0^i26978
999    ^aกัณชพร จุลอักษร
รายการนี้ยังไม่มีแท็ก
คุณยังไม่ได้ล็อกอิน คุณสามารถมีกิจกรรมร่วมกับเว็บไซต์ได้ แต่ต้องล็อกอินก่อน ::
  ล็อกอิน

รายการสื่อสารสนเทศ

ลำดับที่ ประเภท เลขเรียก/บาร์โค้ด สถานที่ สถานะ
1. หนังสือสำรอง
หนังสือสำรอง
WY105 ก384ก ฉ.1 
  Barcode: 26975
ห้องสมุดวิทยาเขตนครสวรรค์
►หนังสือทั่วไป:l:General Books
บนชั้น
2. วิทยาศาสตร์การแพทย์ และสุขภาพ
วิทยาศาสตร์การแพทย์ และสุขภาพ
WY105 ก384ก ฉ.2 
  Barcode: 26976
ห้องสมุดวิทยาเขตนครสวรรค์
►หนังสือทั่วไป:l:General Books
บนชั้น
3. วิทยาศาสตร์การแพทย์ และสุขภาพ
วิทยาศาสตร์การแพทย์ และสุขภาพ
WY105 ก384ก ฉ.3 
  Barcode: 26977
ห้องสมุดวิทยาเขตนครสวรรค์
►หนังสือทั่วไป:l:General Books
บนชั้น
4. วิทยาศาสตร์การแพทย์ และสุขภาพ
วิทยาศาสตร์การแพทย์ และสุขภาพ
WY105 ก384ก ฉ.4 
  Barcode: 26978
ห้องสมุดวิทยาเขตนครสวรรค์
►หนังสือทั่วไป:l:General Books
บนชั้น

รายการใกล้เคียง
    ผู้แต่ง [กัญญดา ประจุศิลป.]

    หัวเรื่อง [ภาวะผู้นำ]
    หัวเรื่อง [การพยาบาล]

BibComment


ยังไม่เคยถูกคอมเมนท์

คอมเมนท์ทรัพยากรรายการนี้
  คอมเมนท์: การจัดการทางการพ..


 Copyright 2026. Bcnsprnw @Library